<?xml version="1.0" encoding="UTF-8"?>
<record
    xmlns:xsi="http://www.w3.org/2001/XMLSchema-instance"
    xsi:schemaLocation="http://www.loc.gov/MARC21/slim http://www.loc.gov/standards/marcxml/schema/MARC21slim.xsd"
    xmlns="http://www.loc.gov/MARC21/slim">

  <leader>02776nam a2200313 i 4500</leader>
  <controlfield tag="003">OSt</controlfield>
  <controlfield tag="005">20260115125403.0</controlfield>
  <controlfield tag="008">231202t20242024enk    erb    001 0 eng d</controlfield>
  <datafield tag="020" ind1=" " ind2=" ">
    <subfield code="a">9780008564759</subfield>
    <subfield code="c">RM 99.95</subfield>
    <subfield code="q">paperback</subfield>
  </datafield>
  <datafield tag="040" ind1=" " ind2=" ">
    <subfield code="a">PPAK</subfield>
    <subfield code="b">eng</subfield>
    <subfield code="c">PPAK</subfield>
    <subfield code="e">rda</subfield>
  </datafield>
  <datafield tag="082" ind1="0" ind2="4">
    <subfield code="2">23</subfield>
    <subfield code="a">364.1323</subfield>
  </datafield>
  <datafield tag="090" ind1="0" ind2="0">
    <subfield code="a">364.1323</subfield>
    <subfield code="b">BUR</subfield>
    <subfield code="d">G</subfield>
  </datafield>
  <datafield tag="100" ind1="1" ind2=" ">
    <subfield code="a">Burgis, Tom, </subfield>
    <subfield code="e">author.</subfield>
  </datafield>
  <datafield tag="245" ind1="1" ind2="0">
    <subfield code="a">CUCKOOLAND :</subfield>
    <subfield code="b">Where the rich own the truth /</subfield>
    <subfield code="c">Tom Burgis </subfield>
  </datafield>
  <datafield tag="264" ind1=" " ind2="1">
    <subfield code="a">London :</subfield>
    <subfield code="b">William Collins, </subfield>
    <subfield code="c">2024</subfield>
  </datafield>
  <datafield tag="264" ind1=" " ind2="1">
    <subfield code="c">&#xA9;2024</subfield>
  </datafield>
  <datafield tag="300" ind1=" " ind2=" ">
    <subfield code="a">307 pages ; </subfield>
    <subfield code="c">22 cm</subfield>
  </datafield>
  <datafield tag="336" ind1=" " ind2=" ">
    <subfield code="a">text</subfield>
    <subfield code="2">rdacontent</subfield>
  </datafield>
  <datafield tag="337" ind1=" " ind2=" ">
    <subfield code="a">unmediated</subfield>
    <subfield code="2">rdamedia</subfield>
  </datafield>
  <datafield tag="338" ind1=" " ind2=" ">
    <subfield code="a">volume</subfield>
    <subfield code="2">rdacarrier</subfield>
  </datafield>
  <datafield tag="504" ind1=" " ind2=" ">
    <subfield code="a">Includes bibliographical references and index. </subfield>
  </datafield>
  <datafield tag="505" ind1=" " ind2=" ">
    <subfield code="t">Part I. Living the dream -- </subfield>
    <subfield code="t">Hard-won truths -- </subfield>
    <subfield code="t">Take-off -- </subfield>
    <subfield code="t">A furnace for the past -- </subfield>
    <subfield code="t">The host -- </subfield>
    <subfield code="t">Protection -- </subfield>
    <subfield code="t">The right path -- </subfield>
    <subfield code="t">Mr XY -- </subfield>
    <subfield code="t">Making sense -- </subfield>
    <subfield code="t">Part II. 'Want to make your life easy for you' -- </subfield>
    <subfield code="t">Two scenes from a park in lockdown -- </subfield>
    <subfield code="t">Cakeism -- </subfield>
    <subfield code="t">The boxer -- </subfield>
    <subfield code="t">The libel factory -- </subfield>
    <subfield code="t">Reputation hit -- </subfield>
    <subfield code="t">A world of pain -- </subfield>
    <subfield code="t">Statements of truth -- </subfield>
    <subfield code="t">The very fabric of this country -- </subfield>
    <subfield code="t">Reality. </subfield>
  </datafield>
  <datafield tag="520" ind1=" " ind2=" ">
    <subfield code="a">"Everywhere, the powerful are making a renewed claim to the greatest prize of all: to own the truth. The power to choose what you want reality to be and impose that reality on the world. For three years, Tom Burgis followed a lead that took him deeper and deeper into Cuckooland - the place where the rich own the truth. The trail snaked from the Kremlin to Kathmandu, Stockholm to the Steppe, from a blood-soaked town square in Uzbekistan to a royal retreat in Scotland. Burgis hunted down oligarchs, developed secret sources and traced vast sums of money flowing between multinational corporations, ex-Soviet dictators and the west's ruling elites. And he found one man who wanted the power to bend reality to his will. This book tells an astonishing story: a tale of secrets and lies that reveals how fragile that truth can be. Whether it's in Kazakh torture chambers or the UK's High Court, the lords of Cuckooland are seizing control of the truth. They decree what stories may be told about war and money and power, what we are permitted to know - and more importantly, what we are not. From the bestselling author of Kleptopia, Cuckooland is a deeply reported work of non-fiction that reads like a thriller. It is a story of how globalisation and technological revolution have combined to imperil the foundation of free societies: that the truth belongs to the many, not the few"--</subfield>
    <subfield code="c">Publisher's description</subfield>
  </datafield>
  <datafield tag="650" ind1="1" ind2="0">
    <subfield code="a">Corruption. </subfield>
  </datafield>
  <datafield tag="650" ind1="2" ind2="0">
    <subfield code="a">Business enterprises</subfield>
    <subfield code="x">Corrupt practices</subfield>
  </datafield>
  <datafield tag="650" ind1="2" ind2="0">
    <subfield code="a">Wealth</subfield>
    <subfield code="x">Moral and ethical aspects</subfield>
  </datafield>
  <datafield tag="655" ind1=" " ind2="7">
    <subfield code="a">Biographies</subfield>
  </datafield>
  <datafield tag="942" ind1=" " ind2=" ">
    <subfield code="2">ddc</subfield>
    <subfield code="c">B</subfield>
  </datafield>
  <datafield tag="999" ind1=" " ind2=" ">
    <subfield code="c">202747</subfield>
    <subfield code="d">202747</subfield>
  </datafield>
  <datafield tag="952" ind1=" " ind2=" ">
    <subfield code="0">0</subfield>
    <subfield code="7">0</subfield>
    <subfield code="b">PPAK</subfield>
    <subfield code="c">G</subfield>
    <subfield code="d">2026-01-21</subfield>
    <subfield code="l">0</subfield>
    <subfield code="o">364.1323 BUR</subfield>
    <subfield code="p">A01900633</subfield>
    <subfield code="r">2026-01-21 14:18:04</subfield>
    <subfield code="y">B</subfield>
  </datafield>
  <datafield tag="952" ind1=" " ind2=" ">
    <subfield code="0">0</subfield>
    <subfield code="7">0</subfield>
    <subfield code="b">SP</subfield>
    <subfield code="c">G</subfield>
    <subfield code="d">2026-01-21</subfield>
    <subfield code="l">0</subfield>
    <subfield code="o">364.1323 BUR</subfield>
    <subfield code="p">A01900634</subfield>
    <subfield code="r">2026-01-21 14:18:04</subfield>
    <subfield code="y">B</subfield>
  </datafield>
</record>
